Les plus gros transferts du football - Milieux défensifs - 2015-2016 - Statistiques

Statistiques générales
  • Ce quiz a été pris 18 fois
  • Le résultat moyen est 6 sur 10
Statistiques - réponses
Montant de transfert (M €) Nationalité Venant de Allant à Joueur % Correct
36,00 République centrafricaine / France AS Monaco Inter Geoffrey Kondogbia
89%
15,00 Brésil FC Porto Real Madrid Casemiro
83%
12,50 Egypte FC Bâle Arsenal Mohamed Elneny
72%
35,00 France Southampton Manchester United Morgan Schneiderlin
67%
11,50 Brésil Udinese Calcio Napoli Allan
61%
16,00 Espagne Real Madrid Real Sociedad Asier Illarramendi
61%
24,25 République démocratique du Congo FC Porto Stoke City Giannelli Imbula
56%
20,00 République démocratique du Congo Marseille FC Porto Giannelli Imbula
56%
15,00 Pays-Bas Feyenoord Southampton Jordy Clasie
6%
10,50 Allemagne 1.FSV Mainz 05 FC Schalke 04 Johannes Geis
0%
Aucun quiz correspondant
Distribution des résultats
% des personnes avec chaque résultat
Percentile par nombre de réponses
Votre historique - résultats
Vous n’avez pas pris ce quiz